000 00661nam a22001817a 4500
005 20251108165536.0
008 250721s1997 xx 000 0 ara d
082 1 4 _aم/413.125/دمش
100 1 _aالدمشقي، أحمد بن مصطفى اللبابيدي
245 1 0 _aمعجم أسماء الأشياء المسمى اللطائف في اللغة /
264 1 _aالقاهرة :
_bدار الفضيلة للنشر و التوزيع،
_c1997.
300 _a378ص
650 1 7 _aاللغة العربية
650 1 7 _aمعاجم المفردات
700 1 _aعوض، أحمد عبد التواب
_eتحقيق
942 _2ddc
_cREF
999 _c30368
_d30368